00500nam a2200193 a 4500001001300000003000900013005001700022008004100039020002300080082001700103100002100120245002800141260003300169300000900202500003500211505001000246650002900256700002100285nice12345678IN_TiNIC20260116012828.0050524s1979 newa grp 000 0 eng  a088344X c10000a306.630bKRA aKraft, Charles H aChristianity in Culture aNew YorkbOrbis Books c1979 a445p aincludes index and biblioraphy2 aIndex aChristianity And Culture1 aKraft, Charles H